Państwa i terytoria, które zapunktowały na Papież Cup - Mapa - Statystyki

Ogólne statystyki
  • Ten quiz został rozwiązany 26 razy
    4 od ostatniego zresetowania
  • Średni wynik to 143 z 232
Odpowiedzi na mapie
Odpowiedzi zakodowano w zielono-czerwonej skali na mapie do tego quizu, zgodnie z poniższymi procentami.
 
Statystyki odpowiedzi
px py Odpowiedź % Poprawnych
286,17 368,62 Falklandy
100%
396,25 95,5 Irlandia
100%
70,42 279,29 Polinezja Francuska
100%
300,49 136,12 Stany Zjednoczone
100%
405,78 86,14 Szkocja
100%
381,87 254,02 Wyspa Św. Heleny, Wyspa Wniebowstąpienia i Tristan da Cunha
100%
399,29 73,8 Wyspy Owcze
100%
567,17 145,7 Afganistan
67%
461,23 126,78 Albania
67%
421,02 160,45 Algieria
67%
418,58 123,17 Andora
67%
411,54 98,59 Anglia
67%
455,41 265,44 Angola
67%
518,6 166,91 Arabia Saudyjska
67%
264,96 321,59 Argentyna
67%
Armenia
67%
253,71 201,07 Aruba
67%
731,91 299,98 Australia
67%
447,65 110,04 Austria
67%
525,98 128,37 Azerbejdżan
67%
239,97 171,65 Bahamy
67%
531,5 165,79 Bahrajn
67%
622,97 171,06 Bangladesz
67%
425,74 102,15 Belgia
67%
210,66 188,95 Belize
67%
420,34 208,54 Benin
67%
623,43 162,39 Bhutan
67%
479,61 94,62 Białoruś
67%
265,88 276,88 Boliwia
67%
455,99 118,9 Bośnia i Hercegowina
67%
469,85 291,05 Botswana
67%
290,35 261,05 Brazylia
67%
473,15 122,53 Bułgaria
67%
483,94 242,19 Burundi
67%
231,14 329,42 Chile
67%
654,53 138,57 Chiny
67%
453,02 115,65 Chorwacja
67%
255,83 201,67 Curacao
67%
Cypr
67%
458 193,69 Czad
67%
459,34 122,44 Czarnogóra
67%
450,32 104,47 Czechy
67%
439,52 88,1 Dania
67%
469,51 240,96 Demokratyczna Republika Konga
67%
273,52 193,61 Dominika
67%
252,46 184,46 Dominikana
67%
513,07 203,09 Dżibuti
67%
483,84 164,78 Egipt
67%
235,44 238,12 Ekwador
67%
504,55 193,68 Erytrea
67%
473,8 81,32 Estonia
67%
487,55 302,37 Eswatini
67%
506,34 211,15 Etiopia
67%
697,06 196,11 Filipiny
67%
475,82 66,14 Finlandia
67%
428,68 207,94 Francja
67%
442,14 235,07 Gabon
67%
412,17 212,91 Ghana
67%
402,62 139,77 Gibraltar
67%
469,27 132,19 Grecja
67%
316,18 41,01 Grenlandia
67%
515,29 124,09 Gruzja
67%
278,99 221,11 Gujana
67%
294,35 223,3 Gujana Francuska
67%
206,66 192,81 Gwatemala
67%
438,92 229,18 Gwinea Równikowa
67%
247,54 184,01 Haiti
67%
419,28 56,72 Hiszpania
67%
107,26 285,39 Holandia
67%
215,42 194,95 Honduras
67%
678,33 175,21 Hong Kong
67%
594,76 177,32 Indie
67%
674,88 239,01 Indonezja
67%
540,13 149,01 Iran
67%
400,01 91,71 Irlandia Północna
67%
372,23 64,89 Islandia
67%
495,67 151,86 Izrael
67%
237,1 186,64 Jamajka
67%
732,6 154,72 Japonia
67%
516,81 183,87 Jemen
67%
409,99 105,79 Jersey
67%
656,98 200,27 Kambodża
67%
444,4 218,67 Kamerun
67%
123,71 37,81 Kanada
67%
533,01 168,05 Katar
67%
569,59 108,81 Kazachstan
67%
502,13 231,97 Kenia
67%
586,9 125,94 Kirgistan
67%
246,51 223,35 Kolumbia
67%
517,34 265,14 Komory
67%
450,05 235,72 Kongo
67%
708,27 129,33 Korea Północna
67%
709,86 139,87 Korea Południowa
67%
463,11 123,06 Kosowo
67%
220,91 207,62 Kostaryka
67%
232,54 177,26 Kuba
67%
654,15 185,48 Laos
67%
480,02 310,25 Lesotho
67%
497,86 145,6 Liban
67%
456,52 163,37 Libia
67%
436,99 111,07 Liechtenstein
67%
470,11 89,96 Litwa
67%
472,42 86,03 Łotwa
67%
429,04 104,14 Luksemburg
67%
465,03 125,58 Macedonia Północna
67%
522,37 284,49 Madagaskar
67%
676,71 175,87 Makau
67%
494,01 267,8 Malawi
67%
584,28 224,99 Malediwy
67%
663,44 220,65 Malezja
67%
406,82 188,52 Mali
67%
448,31 140,35 Malta
67%
395,48 156,1 Maroko
67%
391,13 180,94 Mauretania
67%
178,58 171,46 Meksyk
67%
637,81 182,01 Mjanma
67%
480,63 111,06 Mołdawia
67%
432,05 120,02 Monako
67%
652,56 112,05 Mongolia
67%
496,9 278,33 Mozambik
67%
454,66 290,96 Namibia
67%
799,87 234,82 Nauru
67%
608,5 160,22 Nepal
67%
438,59 102,56 Niemcy
67%
436,64 188,31 Niger
67%
433,63 208,6 Nigeria
67%
218,93 200,23 Nikaragua
67%
448,08 47,56 Norwegia
67%
336,85 322,65 Nowa Zelandia
67%
544,26 179,83 Oman
67%
574,85 155,8 Pakistan
67%
725,36 213,73 Palau
67%
496,3 150,17 Palestyna
67%
229,55 211,53 Panama
67%
754,5 250,8 Papua-Nowa Gwinea
67%
280,36 293,78 Paragwaj
67%
243,5 257,27 Peru
67%
459,75 98,24 Polska
67%
372,74 138,41 Portugalia
67%
462,05 301,5 Republika Południowej Afryki
67%
462,2 216,46 Republika Środkowoafrykańska
67%
207,17 83,31 Rosja
67%
472,58 114,52 Rumunia
67%
483,99 238,62 Rwanda
67%
270,44 188,64 Saint Kitts i Nevis
67%
210,18 197,89 Salwador
67%
443,74 119,44 San Marino
67%
381,63 196,24 Senegal
67%
462,91 118,75 Serbia
67%
542,93 245,69 Seszele
67%
654,35 229,9 Singapur
67%
459,92 107,13 Słowacja
67%
449,16 113,84 Słowenia
67%
520,38 221,19 Somalia
67%
601,05 213,67 Sri Lanka
67%
484,02 192,03 Sudan
67%
484,77 214,54 Sudan Południowy
67%
286,07 222,82 Surinam
67%
449,58 31,13 Svalbard i Jan Mayen
67%
503,82 142,65 Syria
67%
433,86 112,09 Szwajcaria
67%
453,38 71,85 Szwecja
67%
578,44 133,31 Tadżykistan
67%
647,12 195,32 Tajlandia
67%
494,51 249,4 Tanzania
67%
Togo
67%
13,84 281,76 Tonga
67%
436,94 144,96 Tunezja
67%
497,5 133,18 Turcja
67%
551,88 132,02 Turkmenistan
67%
489,62 230,17 Uganda
67%
487,1 105,96 Ukraina
67%
285,86 318,57 Urugwaj
67%
560,14 125,14 Uzbekistan
67%
803,13 279,24 Vanuatu
67%
408,08 97,55 Walia
67%
443,67 124,78 Watykan
67%
459,67 111,13 Węgry
67%
262,17 215,28 Wenezuela
67%
660,4 189,45 Wietnam
67%
440,9 122,15 Włochy
67%
402,15 213,72 Wybrzeże Kości Słoniowej
67%
404,67 92,63 Wyspa Man
67%
460,79 77,37 Wyspy Alandzkie
67%
810,89 215,36 Wyspy Marshalla
67%
430,28 232,68 Wyspy Świętego Tomasza i Książęca
67%
362,38 191,71 Wyspy Zielonego Przylądka
67%
479,02 268,44 Zambia
67%
483,83 282,84 Zimbabwe
67%
540,35 171,41 Zjednoczone Emiraty Arabskie
67%
269,51 186,29 Anguilla
33%
272,5 189,22 Antigua i Barbuda
33%
277,62 199,18 Barbados
33%
Bermudy
33%
773,51 249,85 Bougainville
33%
678,97 221,84 Brunei
33%
582,06 252,49 Brytyjskie Terytorium Oceanu Indyjskiego
33%
31,12 193,81 Dalekie Wyspy Mniejsze Stanów Zjednoczonych
33%
570,18 282,1 Fidżi
33%
576,77 361,13 Francuskie Terytoria Południowe i Antarktyczne
33%
331,33 375,03 Georgia Południowa i Sandwich Południowy
33%
272,87 202,06 Grenada
33%
409,07 105,21 Guernsey
33%
273,09 191,34 Gwadelupa
33%
258,22 201,59 Holandia Karaibska
33%
52,18 228,64 Kiribati
33%
749,77 196,82 Mariany Północne
33%
274,36 195,57 Martynika
33%
779,73 215,67 Mikronezja
33%
271,62 190,04 Montserrat
33%
23,35 282,84 Niue
33%
802,23 308,94 Norfolk
33%
793,96 287,94 Nowa Kaledonia
33%
Portoryko
33%
542,96 288,24 Reunion
33%
386,94 170,54 Sahara Zachodnia
33%
285,14 111,68 Saint Pierre i Miquelon
33%
273,97 199,14 Saint Vincent i Grenadyny
33%
387,8 211,34 Sierra Leone
33%
693,9 171,9 Tajwan
33%
704,27 256,6 Timor Wschodni
33%
273,83 206,42 Trynidad i Tobago
33%
828,17 255,53 Tuvalu
33%
4,3 270,56 Wallis i Futuna
33%
411,67 97,51 Wielka Brytania
33%
422,84 374,64 Wyspa Bouveta
33%
658,47 260,61 Wyspa Bożego Narodzenia
33%
265,28 185,91 Wyspy Dziewicze Stanów Zjednoczonych
33%
584,3 371,12 Wyspy Heard i McDonald
33%
379,26 160,34 Wyspy Kanaryjskie
33%
638,18 265,05 Wyspy Kokosowe
33%
787,18 259,22 Wyspy Salomona
0%
Nie znaleziono quizów pasujących do podanych kryteriów
Rozkład punktacji
Procent ludzi z każdym wynikiem
Percentyl według liczby udzielonych odpowiedzi
Twoja historia wyników
Nie rozwiązałeś tego quizu od ostatniego zresetowania